000 01674nam a22002897a 4500
003 DO-SdBNP
005 20221121133815.0
007 ta
008 210707e2003 dr abd|er|||| 001 0 spa d
040 _aDO-SdBNP
_bspa
_cBNPHU
041 _hspa
082 4 _bC755p
_222
110 2 _aConsejo Regional de Desarrollo (CRD)
_979133
245 0 0 _aProyecto:
_bferrocarril internacional nordeste- dominico- haitiano /
260 _aSan Francisco de Macorís, República Dominicana :
_bImprenta Primo,
_c2003.
300 _a68 p. :
_bil., graf., retr. ;
_c21 cm.
505 2 _aIntroducción.
_t1. Propósito.--
_t2. Historia del Ferrocarril en el Cibao.--
_t3. Incidencia de la Construcción de los Ferrocarriles en la Economía Regional.--
_t4. Justificación de la propuesta.--
_t5. Impacto Beneficios-Usuarios.--
_t6. Justificación del Proyecto de Conexión con Haití.--
_t7. Ruta de Ferrocarril Internacional.--
_t8. Características Técnicas del Ferrocarril Nordeste-Dominicana-Haití.--
_tConsejo de Directores del CRD.--
_tConsejo de asesores del CRD.--
_tPublicaciones del Realizadas por el CRD.
590 _aInventariado, 2022/BT
610 4 _979133
_aConsejo Regional de Desarrollo (CRD)
650 4 _930578
_aProyectos de Desarrollo Económico
_xEvaluación
_zSan Francisco de Macorís (República Dominicana)
650 _930579
_aProyecto de Desarrollo Económicos
_xAspectos Sociales
_zSan Francisco de Macorís (República Dominicana)
650 4 _976457
_aProyectos
_zRepública Dominicana
650 4 _917702
_aFerrocarriles
_xHistoria
_y1975-1980
_zRepública Dominicana
650 4 _912108
_aFerrocarriles
_zRepública Dominicana
910 _aMFeliz
942 _2ddc
_cLBS1
999 _c50066
_d50066